Návrh opatrení na skvalitnenie systému získavania a výberu pracovníkov v a.s. VÚJE Trnava : Diplomová práca

Gespeichert in:
Bibliographische Detailangaben
1. Verfasser: Kollárová, Soňa (Verfasst von)
Weitere Verfasser: Štrpka, Alexander, 1938- (xxx)
Format: Manuskript Buch
Sprache:Slowakisch
Veröffentlicht: Trnava : STU v Bratislave MtF KPIM, 2004
Schlagworte:
Tags: Tag hinzufügen
Keine Tags, Fügen Sie das erste Tag hinzu!

MARC

LEADER 00000ntm a22000003a 4500
001 stu89447
005 20160719154557.3
008 040803s2004----xo------------------slo-d
040 |a STU  |b slo 
041 0 |a slo 
044 |a xo 
100 1 |a Kollárová, Soňa  |4 aut 
245 1 |a Návrh opatrení na skvalitnenie systému získavania a výberu pracovníkov v a.s. VÚJE Trnava :  |b Diplomová práca 
260 |a Trnava :  |b STU v Bratislave MtF KPIM,  |c 2004 
300 |a 70 s  |c príl (CD) 
650 7 |a priemyselné inžinierstvo a manažment  |2 stusub 
700 1 |a Štrpka, Alexander,  |d 1938-  |4 xxx  |u M190  |U MTF Materiálovotechnologická fakulta  |T MTF Katedra priemyselného inžinierstva a manažmentu  |X 1490  |U M190  |Y 167  |7 A000001490 
996 |b 284M060093  |c M*DP-5269  |l MMSKP  |s P  |a 0  |w stu89447_0001